Preguntas sobre palma de aceite Elaeis Guineensis Jacq., Palma Noli Elaeis oleifera (Kunth) cortés y los híbridos interespecíficos nolí X palma de aceite (Registro nro. 8434)

Detalles MARC
000 -CABECERA
Campo de control 00714nam a22001937a 4500
005 - FECHA Y HORA DE LA ULTIMA TRANSACCION
Campo de control 20140516161528.0
008 - ELEMENTOS DE LONGITUD FIJA—INFORMACION GENERAL
Campo de control 140516b2013 xxu||||| |||| 00| 0 spa d
020 ## - ISBN
ISBN 9789587401615
041 ## - IDIOMA
Código de idioma para texto/pista de sonido o título separado Español
044 ## - PAÍS DE PUBLICACIÓN
País de publicación Colombia
082 04 - NUMERO DE CLASIFICACION DECIMAL DEWEY
Número de clasificación 634.974
Número del ítem B32p
100 10 - ASIENTO PRINCIPAL--NOMBRE PERSONAL
Nombre personal Bastidas-Pérez, Silvio
245 10 - MENCION DE TITULO
Título Preguntas sobre palma de aceite Elaeis Guineensis Jacq., Palma Noli Elaeis oleifera (Kunth) cortés y los híbridos interespecíficos nolí X palma de aceite
Mención de responsabilidad Silvio Bastidas Pérez ...[et al.]
260 ## - PUBLICACION, DISTRIBUCION, ETC. (PIE DE IMPRENTA)
Lugar de publicación, distribución, etc. Bogotá
Nombre del editor, distribuidor, etc. Corpoica
Fecha de publicación, distribución, etc. 2013
300 ## - DESCRIPCION FISICA
Extensión 264 p.
Otros detalles físicos fot. (col)
Dimensiones 20 cm.
650 ## - ASIENTO SECUNDARIO DE MATERIA - TERMINO TEMATICO
Término temático o nombre geográfico como elemento de entrada Aceite de palma
Subdivisión general cultivo
-- técnicas
650 ## - ASIENTO SECUNDARIO DE MATERIA - TERMINO TEMATICO
Término temático o nombre geográfico como elemento de entrada Palma de aceite
Subdivisión general morfología
942 ## - ELEMENTOS ADICIONALES (KOHA)
Sistema de clasificación Dewey Decimal Classification
Tipo de ítem Impreso
Existencias
Withdrawn status Lost status Sistema de Clasificación Damaged status No para préstamo Colección Inventariado Ubicación Permanente Ubicación actual Fecha de adquisición Fuente de Valor Valor Total Checkouts Número topográfico Inventario / Código de Barras Date last seen Ejemplar Price effective from Forma de adquisición Tipo de material
    Dewey Decimal Classification     General Inventariado 2017 Sala Fabio Quevedo Sala Fabio Quevedo 16/05/2014 Instituto 39000.00   LB-634.974 B32p 038040 16/05/2014 Ej. 1 16/05/2014 Canje Libro